Institutional development : a third world city management perspective
Αποθηκεύτηκε σε:
| Κύριος συγγραφέας: | |
|---|---|
| Μορφή: | Βιβλίο |
| Γλώσσα: | English |
| Δημοσίευση: |
London :
Macmillan Press,
c1996
|
| Θέματα: | |
| Ετικέτες: |
Προσθήκη ετικέτας
Δεν υπάρχουν, Καταχωρήστε ετικέτα πρώτοι!
|
MARC
| LEADER | 00000nam a2200000 i 4500 | ||
|---|---|---|---|
| 001 | 1/88458 | ||
| 008 | 990824s1996 eng d | ||
| 020 | |a 0-333-65413-7 | ||
| 035 | |l 10052541 | ||
| 040 | |a GR-MY-UA |b gre |e aacr | ||
| 041 | 0 | |a eng | |
| 082 | 0 | |a 352.00091724 | |
| 100 | 1 | |a McGill, Ronald. | |
| 245 | 1 | 0 | |a Institutional development : |b a third world city management perspective / |c Ronald McGill |
| 260 | |a London : |b Macmillan Press, |c c1996 | ||
| 300 | |a 310 p. | ||
| 504 | |a Includes bibliographical references and index | ||
| 650 | 0 | 0 | |a Urbanization |z Developing countries. |
| 650 | 0 | 0 | |a Municipal government by city manager |z Developing countries. |
| 852 | |a INST |b LESVOS |e 19990824 |h 352.00091724 MCG |p 005100019765 |q 005100019765 |t BK |y 0 | ||
| 901 | |a BIBL1-1999-2 | ||
| 909 | |a Λ |b 063575 | ||
| 922 | |a 1ΕΛΗ |b 199901 |c ΚΠΣ/ΤΓ |d LEADER | ||
| 950 | |a 118-1998-10-19 | ||
| 970 | |a ΜΟΥΣΤΑΚΑ |b ΠΗΝΕΛΟΠΗ |z 1999/09/01 | ||